|
|
|
|
| LEADER |
00000nam0a2200000 4500 |
| 001 |
145558 |
| 005 |
20231101221150.0 |
| 010 |
|
|
|a 5020033995
|
| 020 |
|
|
|a RU
|b 90-8234
|
| 035 |
|
|
|a (RuTPU)RU\TPU\book\157764
|
| 090 |
|
|
|a 145558
|
| 100 |
|
|
|a 20081018d1990 km y0rusy5003 ca
|
| 101 |
0 |
|
|a rus
|
| 102 |
|
|
|a RU
|
| 105 |
|
|
|a a z 001zy
|
| 200 |
1 |
|
|a Геохимия ландшафтов и техногенез
|f В. С. Аржанова, П. В. Елпатьевский
|g Академия наук СССР (АН СССР), Дальневосточное отделение (ДВО), Тихоокеанский институт географии ; отв. ред. А. М. Короткий , А. Н. Качур
|
| 210 |
|
|
|a Москва
|c Наука
|d 1990
|
| 215 |
|
|
|a 196 с.
|c ил.
|d 22 см
|
| 320 |
|
|
|a Библиогр.: с. 187-195.
|
| 606 |
|
|
|a Географические ландшафты
|x Геохимия
|2 stltpush
|3 (RuTPU)RU\TPU\subj\5906
|9 33891
|
| 610 |
1 |
|
|a геохимия
|
| 610 |
1 |
|
|a антропический фактор
|
| 610 |
1 |
|
|a окружающая среда
|
| 610 |
1 |
|
|a техногенное воздействие
|
| 610 |
1 |
|
|a регионально-фоновые условия
|
| 610 |
1 |
|
|a вещество
|
| 610 |
1 |
|
|a водно-миграционные потоки
|
| 610 |
1 |
|
|a ландшафтно-геохимические процессы
|
| 610 |
1 |
|
|a структура
|
| 610 |
1 |
|
|a техногенная трансформация
|
| 610 |
1 |
|
|a диагностирование
|
| 675 |
|
|
|a 911.5:550.4
|z rus
|v 3
|
| 700 |
|
1 |
|a Аржанова
|b В. С.
|g Валентина Степановна
|4 070
|
| 701 |
|
1 |
|a Елпатьевский
|b П. В.
|g Павел Валерьянович
|4 070
|
| 702 |
|
1 |
|a Короткий
|b А. М.
|4 340
|
| 702 |
|
1 |
|a Качур
|b А. Н.
|4 340
|
| 712 |
0 |
2 |
|a Академия наук СССР (АН СССР)
|b Дальневосточное отделение (ДВО)
|b Тихоокеанский институт географии
|c Владивосток
|2 stltpush
|3 (RuTPU)RU\TPU\col\13731
|
| 801 |
|
0 |
|a RU
|b RuMRKP
|c 19950417
|g psbo
|
| 801 |
|
1 |
|a RU
|b 63413507
|c 20081018
|g PSBO
|
| 801 |
|
2 |
|a RU
|b 63413507
|c 20180110
|g PSBO
|
| 900 |
|
|
|a Геохимия ландшафтов
|
| 942 |
|
|
|c BK
|